[Event "VI. Berecz memorial B 2018"]
[Site "?"]
[Date "2018.12.30"]
[Round "7.2"]
[White "Balaban-Voia, Alexandru"]
[Black "Abraham, Lajos"]
[Result "1-0"]
[WhiteElo "1820"]
[BlackElo "1629"]
[PlyCount "91"]
[EventDate "2018.12.27"]

1. b3 d5 2. Bb2 Bf5 3. e3 c6 4. Nf3 e6 5. Bd3 Bxd3 6. cxd3 Nf6 7. d4 Nbd7 8.
O-O Bd6 9. Ne5 Qc7 10. f4 c5 11. Nxd7 Qxd7 12. dxc5 Bxc5 13. Bxf6 gxf6 14. Qh5
Qe7 15. d4 Bd6 16. Nc3 Bb4 17. Rac1 Ba3 18. Rc2 a6 19. f5 Bb4 20. fxe6 Bxc3 21.
exf7+ Qxf7 22. Qxf7+ Kxf7 23. Rxc3 Rhe8 24. Rc7+ Re7 25. Rxe7+ Kxe7 26. Rf5 Rc8
27. Rxd5 Rc1+ 28. Kf2 Rc2+ 29. Kf3 Rxa2 30. Rh5 b5 31. Rxh7+ Ke6 32. Rb7 Ra3
33. h4 Rxb3 34. Rb6+ Kf7 35. Rxa6 Rb1 36. Rb6 b4 37. g4 b3 38. g5 b2 39. Ke4
f5+ 40. Kd5 Re1 41. Rxb2 Rxe3 42. h5 Rh3 43. Rb7+ Kg8 44. Ke5 Rxh5 45. Kf6 Rh4
46. Rb8+ 1-0

[Event "VI. Berecz memorial B 2018"]
[Site "?"]
[Date "2018.12.30"]
[Round "7.3"]
[White "Markus, Molli Amina"]
[Black "Toth, Sandor Sr."]
[Result "1-0"]
[WhiteElo "1621"]
[BlackElo "1776"]
[PlyCount "77"]
[EventDate "2018.12.27"]

1. c4 e6 2. Nc3 Nf6 3. Nf3 Be7 4. d4 d5 5. Bf4 O-O 6. e3 a6 7. Bd3 dxc4 8. Bxc4
b5 9. Bd3 Bb7 10. O-O Nbd7 11. Ne5 c5 12. Nxd7 Qxd7 13. dxc5 Bxc5 14. Be2 Rfd8
15. Qxd7 Rxd7 16. Rad1 Rad8 17. Rxd7 Rxd7 18. Rd1 Bc6 19. Rc1 Bb6 20. Na4 bxa4
21. Rxc6 Bd8 22. Rxa6 g6 23. Bh6 Rd2 24. Ra8 Ne4 25. f3 Nc5 26. Rc8 f6 27. Bc4
Nb7 28. Ba6 Na5 29. e4 Rd1+ 30. Kf2 Kf7 31. Ke2 Rd6 32. Bd3 g5 33. g3 Nc6 34.
a3 Ne7 35. Ra8 Rd4 36. h4 Ng8 37. hxg5 fxg5 38. Ra7+ Ke8 39. Bb5+ 1-0

[Event "VI. Berecz memorial B 2018"]
[Site "?"]
[Date "2018.12.30"]
[Round "7.4"]
[White "Tumbasz, Peter"]
[Black "Nagy, Lajos"]
[Result "0-1"]
[WhiteElo "1625"]
[BlackElo "1765"]
[PlyCount "64"]
[EventDate "2018.12.27"]

1. d4 Nf6 2. Nc3 d5 3. Nf3 e6 4. a3 Nbd7 5. Bf4 Be7 6. Nb5 e5 7. Nxe5 Nh5 8.
Qd2 c6 9. Nc3 Nxf4 10. Qxf4 O-O 11. e4 Nxe5 12. dxe5 d4 13. Nd1 Qa5+ 14. Qd2
Qxe5 15. Bd3 f5 16. O-O f4 17. f3 Rf6 18. Nf2 Rg6 19. Rad1 Qg5 20. Ng4 h5 21.
e5 hxg4 22. Bxg6 Qxg6 23. Qxf4 Bg5 24. Qxd4 Qh6 25. f4 Be7 26. f5 g3 27. h3 b6
28. b4 Ba6 29. f6 Bxf1 30. fxe7 Re8 31. Qd8 Qe3+ 32. Kh1 Bxg2+ 0-1

[Event "VI. Berecz memorial B 2018"]
[Site "?"]
[Date "2018.12.30"]
[Round "7.5"]
[White "Szamko, Szabolcs"]
[Black "Fekete, Alex"]
[Result "0-1"]
[WhiteElo "1485"]
[BlackElo "1747"]
[PlyCount "104"]
[EventDate "2018.12.27"]

1. e4 c5 2. Nc3 d6 3. d3 Nc6 4. g3 g6 5. Bg2 Bg7 6. Bd2 Nd4 7. f4 Rb8 8. Nge2
Bg4 9. Qc1 Nf3+ 10. Bxf3 Bxf3 11. O-O Bg4 12. Rf2 Nf6 13. Nd1 O-O 14. Ne3 Qb6
15. Bc3 Bxe2 16. Rxe2 e6 17. Kg2 Qc6 18. Kf2 b5 19. f5 exf5 20. exf5 Rfe8 21.
Qh1 Qxh1 22. Rxh1 b4 23. Bd2 Re5 24. fxg6 fxg6 25. Nc4 Rxe2+ 26. Kxe2 Re8+ 27.
Kd1 Ng4 28. Kc1 d5 29. Na5 Re2 30. h3 Nf2 31. Re1 Rxe1+ 32. Bxe1 Nxh3 33. Nc6
Kf7 34. d4 Bf8 35. dxc5 Bxc5 36. Nxb4 Ke6 37. Nd3 Bb6 38. Kd1 Ng5 39. Nf4+ Kd6
40. Ke2 Ne6 41. Nd3 Nd4+ 42. Kd1 Nf5 43. c3 d4 44. Ke2 dxc3 45. bxc3 Kd5 46.
Kf3 Nd6 47. Kg4 Ke4 48. Nb4 Nf7 49. Nc6 h5+ 50. Kh4 Kf3 51. Nd4+ Kg2 52. Bd2
Bd8+ 0-1

[Event "VI. Berecz memorial B 2018"]
[Site "?"]
[Date "2018.12.30"]
[Round "7.6"]
[White "Kocsmar, Akos"]
[Black "Kadnar, Emil"]
[Result "1/2-1/2"]
[WhiteElo "1690"]
[BlackElo "1638"]
[PlyCount "128"]
[EventDate "2018.12.27"]

1. d4 d5 2. c4 e6 3. Nf3 Nf6 4. Nc3 h6 5. e3 Nc6 6. a3 Ne7 7. Bd3 dxc4 8. Bxc4
Ned5 9. Qc2 Nxc3 10. bxc3 Be7 11. Bd3 O-O 12. O-O b6 13. Ne5 Bb7 14. f4 Nd7 15.
Bd2 c5 16. a4 Rc8 17. Qd1 Nf6 18. Qe2 Ne4 19. Be1 Bd6 20. h3 Bxe5 21. fxe5 cxd4
22. cxd4 f5 23. a5 f4 24. Qg4 Qd5 25. Rxf4 Rxf4 26. Qxf4 Rf8 27. Qxe4 Qxe4 28.
Bxe4 Bxe4 29. axb6 axb6 30. Bb4 Rb8 31. Kf2 Rb7 32. Ra8+ Kh7 33. Re8 Bd5 34.
Re7 Rxe7 35. Bxe7 Kg6 36. g4 h5 37. Kg3 Kf7 38. Bd8 hxg4 39. Bxb6 gxh3 40. Kxh3
Kg6 41. Kg4 Be4 42. Kf4 Bd5 43. Bd8 Bc6 44. e4 Kh5 45. Be7 g6 46. Bf6 Bb7 47.
Bg5 Bc6 48. Bf6 Bb7 49. Bg5 Bc6 50. Bd8 Bb7 51. Be7 Bc6 52. Bf8 Bb7 53. Bg7 Bc6
54. Bf6 Bb7 55. Bg5 Bc6 56. Be7 Bb7 57. Bd8 Bc6 58. Bf6 Bb7 59. d5 exd5 60. e6
dxe4 61. e7 Bc6 62. e8=Q Bxe8 63. Kxe4 g5 64. Bxg5 Kxg5 1/2-1/2

[Event "VI. Berecz memorial B 2018"]
[Site "?"]
[Date "2018.12.30"]
[Round "7.7"]
[White "Nagy, Noemi"]
[Black "Kapicakova, Lucia"]
[Result "0-1"]
[WhiteElo "1573"]
[BlackElo "1655"]
[PlyCount "136"]
[EventDate "2018.12.27"]

1. c4 Nf6 2. Nc3 g6 3. g3 Bg7 4. Bg2 O-O 5. e3 d6 6. Nge2 e5 7. d4 Nbd7 8. O-O
c6 9. b3 Re8 10. Bb2 Nf8 11. Rc1 Bd7 12. Qd2 Qc7 13. d5 c5 14. Qc2 h5 15. e4
N6h7 16. Ra1 Qc8 17. Rfe1 Bh3 18. Bh1 Ng5 19. Nb5 Qd7 20. Bc1 Ngh7 21. Nec3 a6
22. Na3 f5 23. f3 Qf7 24. Nd1 f4 25. Bg2 Bd7 26. Qf2 g5 27. Nc3 Ng6 28. Rf1 Rf8
29. Ne2 Qe7 30. Qe1 Rf7 31. Bb2 Raf8 32. Qd2 Qd8 33. Rac1 Qc8 34. Nc3 Bh3 35.
Nc2 g4 36. Bxh3 gxh3 37. Ne1 Qd8 38. Ne2 Bh6 39. Qc2 fxg3 40. Nxg3 Bxc1 41.
Bxc1 h4 42. Nf5 Kh8 43. Bh6 Rg8 44. Kf2 Qf6 45. Qd2 Ne7 46. Nxe7 Rxe7 47. Ke2
Ng5 48. Bxg5 Qxg5 49. Qd3 Reg7 50. Kd1 Qf4 51. Qe2 Rg1 52. Rf2 Rh1 53. Kc2 Rgg1
54. Nd3 Qg5 55. f4 Qg4 56. Qxg4 Rxg4 57. fxe5 Rg2 58. Kd2 Rhxh2 59. Ke3 Rg3+
60. Ke2 Rxf2+ 61. Nxf2 dxe5 62. d6 h2 63. Nh1 Rg6 64. d7 Rd6 65. Kf2 Rxd7 66.
Kg2 Rd2+ 67. Kh3 Rxa2 68. Kxh4 Ra1 0-1

[Event "VI. Berecz memorial B 2018"]
[Site "?"]
[Date "2018.12.30"]
[Round "7.8"]
[White "Gerda, Emil"]
[Black "Hajdu, Istvan"]
[Result "0-1"]
[WhiteElo "1623"]
[BlackElo "1887"]
[PlyCount "92"]
[EventDate "2018.12.27"]

1. d4 f5 2. c4 Nf6 3. Nc3 g6 4. Nf3 Bg7 5. g3 O-O 6. Bg2 d6 7. Bg5 h6 8. Bxf6
exf6 9. O-O Nc6 10. e3 g5 11. Nd2 Re8 12. Ne2 Ne7 13. Qc2 c6 14. Rad1 d5 15. b3
Be6 16. Nc3 Qd7 17. Na4 Bf7 18. Nc5 Qc8 19. Na4 Rd8 20. Nc3 Qd7 21. Ne2 Rac8
22. c5 Bg6 23. Qc1 Re8 24. Rfe1 Bh5 25. Bf3 Bxf3 26. Nxf3 Qe6 27. Nd2 Qf7 28.
Kg2 Ng6 29. Nf1 h5 30. Qb1 Qd7 31. b4 Kf7 32. a4 a6 33. a5 Rh8 34. Nd2 h4 35.
Nf3 f4 36. exf4 hxg3 37. fxg3 Qh3+ 38. Kf2 g4 39. f5 Ne7 40. Neg1 Qh5 41. Nh4
Bh6 42. Rxe7+ Kxe7 43. Ng6+ Kd7 44. Nxh8 Qxh2+ 45. Kf1 Rxh8 46. Qd3 Re8 0-1

[Event "VI. Berecz memorial B 2018"]
[Site "?"]
[Date "2018.12.30"]
[Round "7.9"]
[White "Torok, Csaba"]
[Black "Ver, Imre"]
[Result "1-0"]
[WhiteElo "1572"]
[BlackElo "1766"]
[PlyCount "80"]
[EventDate "2018.12.27"]

1. e4 e6 2. d4 d5 3. e5 Ne7 4. Bd3 c5 5. c3 Nbc6 6. Nf3 c4 7. Bc2 b5 8. O-O a5
9. Ng5 Ng6 10. Qh5 Nce7 11. Nxh7 Kd7 12. Nxf8+ Qxf8 13. Qe2 Nh4 14. Na3 Ba6 15.
g3 Nhf5 16. Bg5 Kc7 17. Bxe7 Nxe7 18. f4 g6 19. Rac1 Rb8 20. Rf2 Rh6 21. Nb1
Qg7 22. Nd2 Qh8 23. Nf3 Qg7 24. Ng5 Rb6 25. Qe3 Rh8 26. g4 Bc8 27. Qg3 Bd7 28.
Rcf1 Kb7 29. Nf3 Qh6 30. Kg2 b4 31. Ne1 a4 32. cxb4 Rxb4 33. Qa3 Qxh2+ 34. Kf3
Qh3+ 35. Ke2 Qxa3 36. bxa3 Rb2 37. Rf3 Rxa2 38. Kd2 Nc6 39. Kc1 Nxd4 40. Re3
Rh2 1-0

[Event "VI. Berecz memorial B 2018"]
[Site "?"]
[Date "2018.12.30"]
[Round "7.10"]
[White "Panda, Barnabas"]
[Black "Beretka, Csaba"]
[Result "1/2-1/2"]
[WhiteElo "1516"]
[BlackElo "1690"]
[PlyCount "35"]
[EventDate "2018.12.27"]

1. d4 Nf6 2. c4 g6 3. Nc3 Bg7 4. e4 d6 5. Nf3 O-O 6. Be2 e5 7. Be3 Nc6 8. O-O
Nh5 9. d5 Ne7 10. Ng5 Nf4 11. Rc1 h6 12. Nf3 Nxe2+ 13. Qxe2 f5 14. c5 f4 15.
cxd6 cxd6 16. Bd2 a6 17. Ne1 g5 18. f3 1/2-1/2

[Event "VI. Berecz memorial B 2018"]
[Site "?"]
[Date "2018.12.30"]
[Round "7.11"]
[White "Sipos, Kalman"]
[Black "Toth, Lili"]
[Result "1-0"]
[WhiteElo "1706"]
[BlackElo "1436"]
[PlyCount "69"]
[EventDate "2018.12.27"]

1. e4 c6 2. d4 d5 3. Nd2 dxe4 4. Nxe4 Bf5 5. Ng3 Bg6 6. Nf3 Nd7 7. Bd3 Bxd3 8.
Qxd3 e6 9. Bd2 Ngf6 10. O-O Bd6 11. Ne4 Nxe4 12. Qxe4 Nf6 13. Qh4 h6 14. Rad1
Qc7 15. Rfe1 O-O-O 16. Ne5 Qe7 17. c3 Bc7 18. Qh3 g5 19. f4 Rdg8 20. f5 g4 21.
Qd3 Bxe5 22. Rxe5 Qd7 23. fxe6 fxe6 24. Rde1 Re8 25. Qg6 Qe7 26. Rxe6 Qxe6 27.
Rxe6 Rxe6 28. Qf5 Rhe8 29. c4 Kb8 30. d5 cxd5 31. cxd5 Ra6 32. d6 Rf8 33. Bxh6
Rf7 34. Bf4 Ka8 35. Qc8# 1-0

[Event "VI. Berecz memorial B 2018"]
[Site "?"]
[Date "2018.12.30"]
[Round "7.12"]
[White "Gaal, Miklos"]
[Black "Varga, Szilvia"]
[Result "1-0"]
[WhiteElo "1551"]
[BlackElo "1426"]
[PlyCount "43"]
[EventDate "2018.12.27"]

1. d4 g6 2. c4 Bg7 3. Nc3 Nf6 4. Nf3 d6 5. Bg5 O-O 6. Qd2 c5 7. Bh6 a6 8. Bxg7
Kxg7 9. e3 Bf5 10. Nh4 Bd7 11. Bd3 Qe8 12. f4 cxd4 13. exd4 e5 14. dxe5 dxe5
15. O-O-O exf4 16. Qxf4 Bc6 17. Rhe1 Qc8 18. g4 Qxg4 19. Nf5+ Kh8 20. Qh6 Rg8
21. Ne7 Re8 22. Nxg6+ 1-0

[Event "VI. Berecz memorial B 2018"]
[Site "?"]
[Date "2018.12.30"]
[Round "7.13"]
[White "Arvai, Benedek"]
[Black "Varga, Mihaly"]
[Result "0-1"]
[WhiteElo "1472"]
[BlackElo "1535"]
[PlyCount "76"]
[EventDate "2018.12.27"]

1. e4 e6 2. d4 d5 3. exd5 exd5 4. Bf4 Be6 5. Bd3 Nd7 6. Ne2 g5 7. Be3 f5 8. f4
g4 9. g3 Qe7 10. Qd2 Ngf6 11. Na3 Ne4 12. Bxe4 fxe4 13. Rc1 Nb6 14. Rf1 Qf7 15.
Bg1 Bxa3 16. bxa3 O-O 17. Rb1 Nc4 18. Qc1 b6 19. Nc3 c6 20. Rb3 Bf5 21. Kd1
Rae8 22. Re1 Re7 23. Nb1 Rfe8 24. Nd2 Na5 25. Rbe3 b5 26. R3e2 Qf6 27. c3 Qd6
28. Qb2 Rb8 29. Qb4 Qc7 30. Kc1 Nc4 31. Nxc4 bxc4 32. Qa4 Qb6 33. Qb4 Qc7 34.
Qa4 a5 35. Rb2 Rxb2 36. Kxb2 Qb6+ 37. Kc1 e3 38. Kd1 Qb1+ 0-1

[Event "VI. Berecz memorial B 2018"]
[Site "?"]
[Date "2018.12.30"]
[Round "7.14"]
[White "Ernst, Robert"]
[Black "Vadkerti, Vince"]
[Result "1-0"]
[WhiteElo "1329"]
[BlackElo "1407"]
[PlyCount "113"]
[EventDate "2018.12.27"]

1. e4 d5 2. exd5 Nf6 3. d4 Nxd5 4. Nf3 Bf5 5. Bd3 Bg6 6. O-O Nd7 7. c3 c6 8.
Re1 Qc7 9. Be4 N7f6 10. Bxd5 Nxd5 11. Nbd2 O-O-O 12. Ne4 e6 13. Bg5 Re8 14. Bh4
Bxe4 15. Rxe4 Bd6 16. Bg3 h5 17. Bxd6 Qxd6 18. a4 Reg8 19. c4 Nf6 20. Re2 h4
21. Ne5 Qc7 22. b4 Rd8 23. Nf3 b6 24. a5 Rh6 25. Rea2 Kb8 26. axb6 Qxb6 27. c5
Qc7 28. Rxa7 Qxa7 29. Rxa7 Kxa7 30. Qa4+ Kb7 31. b5 cxb5 32. Qxb5+ Kc7 33. Qb6+
Kc8 34. c6 Rd7 35. cxd7+ Nxd7 36. Qc6+ Kd8 37. Ne5 Nxe5 38. dxe5 Rh5 39. f4 Rh6
40. Kf2 Ke7 41. Qd6+ Ke8 42. Qd1 Ke7 43. Qg4 Ke8 44. Qxg7 Rg6 45. Qh8+ Ke7 46.
Qxh4+ Ke8 47. g4 Rg8 48. Qg3 Ke7 49. h4 Ra8 50. h5 Ra2+ 51. Kg1 Ra1+ 52. Kh2
Ra2+ 53. Kh3 Ra1 54. Kh4 Rh1+ 55. Kg5 Kf8 56. Qa3+ Kg7 57. Qe7 1-0

[Event "VI. Berecz memorial B 2018"]
[Site "?"]
[Date "2018.12.30"]
[Round "7.15"]
[White "Jojart, Zsolt"]
[Black "Koszo, Ferenc"]
[Result "1-0"]
[WhiteElo "1587"]
[BlackElo "1365"]
[PlyCount "69"]
[EventDate "2018.12.27"]

1. e4 e6 2. d4 d5 3. exd5 Qxd5 4. Nf3 Nf6 5. Bd3 g6 6. c3 c5 7. Na3 a6 8. Nc4
Nbd7 9. a4 b6 10. Bg5 Bg7 11. O-O Bb7 12. Qe2 O-O 13. Rfe1 cxd4 14. cxd4 Rac8
15. Ne3 Qa5 16. Bf4 Nd5 17. Bd6 Nxe3 18. Bxf8 Nd5 19. Bd6 Nb4 20. Bc4 Bxf3 21.
gxf3 Qg5+ 22. Kh1 Nc6 23. f4 Qa5 24. Bxe6 Nxd4 25. Bxf7+ Kh8 26. Qg4 Qf5 27.
Qxf5 Nxf5 28. Be5 Rc2 29. Rad1 Bxe5 30. fxe5 Nf8 31. e6 Ne7 32. Rd8 Kg7 33. Re8
Kf6 34. Rxf8 Rxf2 35. Bxg6+ 1-0

[Event "VI. Berecz memorial B 2018"]
[Site "?"]
[Date "2018.12.30"]
[Round "7.16"]
[White "Szamko, Hanna"]
[Black "Fodor, Gabor"]
[Result "0-1"]
[WhiteElo "1347"]
[BlackElo "1577"]
[PlyCount "108"]
[EventDate "2018.12.27"]

1. e4 Nf6 2. Nc3 d6 3. d4 g6 4. Nf3 Bg7 5. Bc4 O-O 6. h3 a6 7. a3 c6 8. Be3
Nxe4 9. Nxe4 d5 10. Bxd5 cxd5 11. Nc3 Nc6 12. Qd2 Re8 13. O-O b5 14. Rfe1 Na5
15. b3 e6 16. Bg5 Qb6 17. Nxd5 Qd6 18. Ne7+ Rxe7 19. Bxe7 Qxe7 20. Qxa5 Bb7 21.
Qc3 Rc8 22. Qd3 Bxf3 23. Qxf3 Bxd4 24. Rab1 Rxc2 25. Re2 Rxe2 26. Qxe2 Qxa3 27.
Qf3 a5 28. Qd3 Qc5 29. Rf1 e5 30. Qf3 Qb4 31. Rc1 e4 32. Qg3 Kg7 33. Qf4 a4 34.
bxa4 bxa4 35. Rc7 Bf6 36. Rc6 Qb1+ 37. Qc1 Qxc1+ 38. Rxc1 a3 39. Rc6 a2 40. Ra6
a1=Q+ 41. Rxa1 Bxa1 42. Kf1 f5 43. Ke2 Kf6 44. Ke3 Ke5 45. g3 g5 46. f4+ exf3
47. Kxf3 h5 48. Ke3 f4+ 49. Kf3 fxg3 50. Kxg3 Ke4 51. h4 g4 52. Kg2 Kf4 53. Kg1
Kg3 54. Kh1 Kf2 0-1

[Event "VI. Berecz memorial B 2018"]
[Site "?"]
[Date "2018.12.30"]
[Round "7.17"]
[White "Vavro, Lajos"]
[Black "Kozak, Janos"]
[Result "0-1"]
[WhiteElo "1535"]
[BlackElo "1528"]
[PlyCount "158"]
[EventDate "2018.12.27"]

1. d4 d5 2. e3 Bf5 3. f4 Nf6 4. Nf3 e6 5. Be2 c5 6. O-O Nc6 7. c3 Be7 8. Ne5 a6
9. Nd2 Ne4 10. Nxe4 Bxe4 11. Bf3 Nxe5 12. fxe5 Bg6 13. Bd2 b5 14. b4 cxb4 15.
cxb4 Rc8 16. Be2 O-O 17. a4 Bc2 18. Qe1 Bxa4 19. Rxa4 bxa4 20. Bxa6 Rc2 21. Bd3
Qc7 22. Bxc2 Qxc2 23. b5 Rb8 24. Bb4 Bxb4 25. Qxb4 Qb3 26. Rb1 Qxe3+ 27. Kh1 a3
28. h3 a2 29. Ra1 Qe2 30. b6 Qa6 31. Qd6 Qxb6 32. Qxb6 Rxb6 33. Rxa2 g6 34. Ra4
Rc6 35. Ra1 Rc4 36. Rd1 Kg7 37. Kg1 f6 38. exf6+ Kxf6 39. Kf2 h5 40. Ke3 Rc2
41. Rf1+ Kg5 42. g3 Rc3+ 43. Kf2 Rd3 44. Re1 Kf6 45. g4 hxg4 46. hxg4 Rxd4 47.
Kf3 g5 48. Rh1 e5 49. Rh6+ Kg7 50. Rh5 Kg6 51. Rh8 e4+ 52. Ke3 Rd3+ 53. Ke2 Kf6
54. Re8 Rg3 55. Kd2 Rxg4 56. Ke3 Rg3+ 57. Kd4 Rd3+ 58. Kc5 Kf5 59. Rf8+ Kg4 60.
Rf1 Kg3 61. Rg1+ Kf4 62. Rf1+ Ke5 63. Rg1 Kf5 64. Rf1+ Kg6 65. Ra1 g4 66. Kd6
Kg5 67. Ke5 e3 68. Ra8 e2 69. Rg8+ Kh4 70. Kf4 Rf3+ 71. Ke5 e1=Q+ 72. Kxd5 Rd3+
73. Kc4 Qc3+ 74. Kb5 Qb3+ 75. Kc6 Qxg8 76. Kc5 Qd5+ 77. Kb6 Rb3+ 78. Kc7 Rc3+
79. Kb6 Qc6+ 0-1

[Event "VI. Berecz memorial B 2018"]
[Site "?"]
[Date "2018.12.30"]
[Round "7.18"]
[White "Kis, Izabella"]
[Black "Lakatos, Alfred"]
[Result "1/2-1/2"]
[WhiteElo "1374"]
[BlackElo "1581"]
[PlyCount "61"]
[EventDate "2018.12.27"]

1. e4 c5 2. Nf3 Nc6 3. d4 cxd4 4. Nxd4 g6 5. Nc3 Bg7 6. Be3 a6 7. Nxc6 bxc6 8.
Bc4 Qa5 9. Bd4 Nf6 10. O-O O-O 11. Rb1 Qb4 12. Bb3 e6 13. a3 Qa5 14. Qf3 Qh5
15. Qxh5 Nxh5 16. Bxg7 Nxg7 17. Rbd1 d5 18. f3 Rd8 19. f4 a5 20. Rf2 Ba6 21.
Rfd2 Nh5 22. g3 Nf6 23. e5 Ng4 24. Re1 c5 25. h3 c4 26. Ba4 Nh6 27. g4 Rab8 28.
Rb1 Kg7 29. b4 axb4 30. axb4 Rdc8 31. Ne2 1/2-1/2

[Event "VI. Berecz memorial B 2018"]
[Site "?"]
[Date "2018.12.30"]
[Round "7.19"]
[White "Nagy, Gyula"]
[Black "Korosi, Zsombor"]
[Result "0-1"]
[WhiteElo "1316"]
[BlackElo "1072"]
[PlyCount "106"]
[EventDate "2018.12.27"]

1. e4 e5 2. d4 exd4 3. Qxd4 Nc6 4. Qa4 d6 5. Nf3 Bd7 6. Ng5 Be7 7. Qb5 Rb8 8.
Bc4 Ne5 9. Qb3 Bxg5 10. f4 Nxc4 11. fxg5 Be6 12. Qc3 Ne5 13. O-O Ne7 14. Be3
N7g6 15. Na3 O-O 16. Bxa7 Ra8 17. Be3 Ra4 18. b4 c6 19. Rfd1 Qc7 20. Nb5 Qe7
21. Nxd6 Rd8 22. Bc5 Rxa2 23. Nxb7 Rxa1 24. Qxa1 Rxd1+ 25. Qxd1 Qd7 26. Nd6 Nc4
27. Qa1 Nxd6 28. Bd4 Nb5 29. Bxg7 Qa7+ 30. Qxa7 Nxa7 31. Bd4 Nb5 32. Bb2 Kf8
33. g3 Ke7 34. e5 Na7 35. Kf2 Nc8 36. Bd4 Bf5 37. c3 Ke6 38. Ke3 Nxe5 39. Bc5
Ng4+ 40. Kf4 Nxh2 41. Ke3 Nd6 42. Kf4 Ne4 43. Bd4 Bg6 44. g4 Kd5 45. Bf6 Kc4
46. Be5 Nxc3 47. Bd6 Nd5+ 48. Kg3 Nxb4 49. Kxh2 Nd3 50. Kg3 Kb3 51. Kf3 c5 52.
Ke2 c4 53. Be7 c3 0-1

[Event "VI. Berecz memorial B 2018"]
[Site "?"]
[Date "2018.12.30"]
[Round "7.21"]
[White "Hodi, Adam"]
[Black "Bullas, Gabor"]
[Result "1-0"]
[WhiteElo "1137"]
[BlackElo "1081"]
[PlyCount "91"]
[EventDate "2018.12.27"]

1. e4 e5 2. Nf3 Nc6 3. d4 exd4 4. Nxd4 d5 5. Bb5 Bd7 6. exd5 Nxd4 7. Bxd7+ Qxd7
8. Qxd4 Nf6 9. Nc3 c6 10. Bh6 Qe7+ 11. Be3 Qb4 12. O-O-O Qxd4 13. Rxd4 Rd8 14.
dxc6 bxc6 15. Rxd8+ Kxd8 16. Bxa7 Bb4 17. Na4 Re8 18. a3 Re1+ 19. Rxe1 Bxe1 20.
f3 g5 21. g3 h5 22. Kd1 Ba5 23. b4 Bc7 24. Be3 g4 25. Bg5 Ke7 26. fxg4 hxg4 27.
Bxf6+ Kxf6 28. Ke2 Ke5 29. Kd3 Kd5 30. c4+ Ke6 31. b5 cxb5 32. cxb5 f5 33. b6
Bb8 34. b7 Kd5 35. Nc3+ Kc6 36. Ne2 Kxb7 37. Nf4 Bd6 38. Kd4 Kc6 39. a4 Bc7 40.
Nd5 Bd6 41. Nf4 Bc7 42. Ne6 Bd6 43. a5 Bc7 44. Nxc7 Kxc7 45. Ke5 Kc6 46. Kxf5
1-0